La autonomía universitaria (Registro nro. 730)
[ vista simple ]
| 000 -LEADER | |
|---|---|
| fixed length control field | 01761 a2200265 4500 |
| 001 - CONTROL NUMBER | |
| control field | 18806 |
| 005 - DATE AND TIME OF LATEST TRANSACTION | |
| control field | 20260407155459.0 |
| 008 - FIXED-LENGTH DATA ELEMENTS--GENERAL INFORMATION | |
| fixed length control field | 260407a2010 arg spa d |
| 003 - CONTROL NUMBER IDENTIFIER | |
| control field | AR-UNSa-BCEJYS |
| 040 ## - CATALOGING SOURCE | |
| Original cataloging agency | AR-UNSa-BCEJYS |
| Language of cataloging | spa |
| Transcribing agency | AR-UNSa-BCEJYS |
| 080 ## - UNIVERSAL DECIMAL CLASSIFICATION NUMBER | |
| Universal Decimal Classification number | 378 |
| Common auxiliary subdivision | Enseñanza superior. Universidades. Escuelas especiales |
| 020 ## - INTERNATIONAL STANDARD BOOK NUMBER | |
| International Standard Book Number | 978-987-03-1732-6 |
| 100 1# - MAIN ENTRY--PERSONAL NAME | |
| Personal name | Ruiz, Guillermo |
| 245 10 - TITLE STATEMENT | |
| Title | La autonomía universitaria |
| Name of part/section of a work | definiciones normativas y jurisprudenciales en clave histórica y actual |
| 264 #1 - PRODUCTION, PUBLICATION, DISTRIBUTION, MANUFACTURE, AND COPYRIGHT NOTICE | |
| Place of production, publication, distribution, manufacture | Buenos Aires : |
| Name of producer, publisher, distributor, manufacturer | Universidad de Buenos Aires. Facultad de Derecho. Departamento de Publicaciones |
| Date of production, publication, distribution, manufacture, or copyright notice | 2010 |
| 300 ## - PHYSICAL DESCRIPTION | |
| Extent | xxvi, 271 p. |
| Dimensions | 24 cm. |
| 505 ## - FORMATTED CONTENTS NOTE | |
| Formatted contents note | 1. Las políticas universitarias hacia el centenario - 2. Cogobierno: Una historia de intereses compartidos o contrapuestos - 3. La universidad en el primer peronismo: una institución en conflicto. Entre la autonomía y la expansión de la educación superior - 4. La clausura de patrón universitario original: intervención, normalización y desregulación universitaria - 5. El restablecimiento normativo de la autonomía universitaria y su consagración constitucional - 6. La constitución del estado evaluador en la Argentina: su análisis a través de la regulación del régimen de títulos universitarios - 7. Los contornos de la autonomía universitaria delineados por los fallos de la Corte Suprema de Justicia de la Nación |
| 590 ## - LOCAL NOTE (RLIN) | |
| Local note | niveau_biblio:m niveau_hierar:0 |
| 700 1# - ADDED ENTRY--PERSONAL NAME | |
| Personal name | Cardinaux, Nancy |
| 700 1# - ADDED ENTRY--PERSONAL NAME | |
| Personal name | Clérico, María Laura |
| 700 1# - ADDED ENTRY--PERSONAL NAME | |
| Personal name | Pittelli, Cecilia |
| 700 1# - ADDED ENTRY--PERSONAL NAME | |
| Personal name | Scioscioli, Sebastián |
| 856 41 - ELECTRONIC LOCATION AND ACCESS | |
| Uniform Resource Identifier | <a href="https://biblioeco.unsa.edu.ar/pmb/images/libros/La autonom?a universitaria Ruiz, Guillermo (2010).jpg">https://biblioeco.unsa.edu.ar/pmb/images/libros/La autonom?a universitaria Ruiz, Guillermo (2010).jpg</a> |
| Link text | Imagen de portada |
| Electronic format type | image/jpeg |
| 942 ## - ADDED ENTRY ELEMENTS (KOHA) | |
| Koha item type | |
| Withdrawn status | Lost status | Damaged status | Not for loan | Home library | Current library | Shelving location | Date acquired | Total checkouts | Full call number | Barcode | Date last seen | Price effective from | Koha item type |
|---|---|---|---|---|---|---|---|---|---|---|---|---|---|
| Biblioteca Prof. Eusebio Cleto del Rey | Biblioteca Prof. Eusebio Cleto del Rey | 07/04/2026 | 378 R934 | L117912 | 07/04/2026 | 07/04/2026 | Libro |